<?xml version="1.0" encoding="UTF-8"?>
<record
    xmlns:xsi="http://www.w3.org/2001/XMLSchema-instance"
    xsi:schemaLocation="http://www.loc.gov/MARC21/slim http://www.loc.gov/standards/marcxml/schema/MARC21slim.xsd"
    xmlns="http://www.loc.gov/MARC21/slim">

  <leader>02504    a2200205   4500</leader>
  <controlfield tag="001">57736</controlfield>
  <controlfield tag="005">20260407155837.0</controlfield>
  <controlfield tag="008">260407a1981    arg                 spa d</controlfield>
  <controlfield tag="003">AR-UNSa-BCEJYS</controlfield>
  <datafield tag="040" ind1=" " ind2=" ">
    <subfield code="a">AR-UNSa-BCEJYS</subfield>
    <subfield code="b">spa</subfield>
    <subfield code="c">AR-UNSa-BCEJYS</subfield>
  </datafield>
  <datafield tag="080" ind1=" " ind2=" ">
    <subfield code="a">332.1</subfield>
    <subfield code="x">Econom&#xED;a regional. Econom&#xED;a territorial </subfield>
  </datafield>
  <datafield tag="245" ind1="1" ind2="0">
    <subfield code="a">Experiencias de planificaci&#xF3;n regional en Am&#xE9;rica Latina</subfield>
    <subfield code="p">una teor&#xED;a en busca de una pr&#xE1;ctica</subfield>
  </datafield>
  <datafield tag="264" ind1=" " ind2="1">
    <subfield code="a">Santiago de Chile :</subfield>
    <subfield code="b">CEPAL (Comisi&#xF3;n Econ&#xF3;mica para Am&#xE9;rica Latina y el Caribe)</subfield>
    <subfield code="c">1981</subfield>
  </datafield>
  <datafield tag="300" ind1=" " ind2=" ">
    <subfield code="a">390 p.</subfield>
    <subfield code="c">22 cm.</subfield>
  </datafield>
  <datafield tag="505" ind1=" " ind2=" ">
    <subfield code="a">1. La planificaci&#xF3;n del desarrollo regional en Am&#xE9;rica Latina, por Sergio Boisier - 2. La planificaci&#xF3;n regional en Am&#xE9;rica Latina &#xBF;Teor&#xED;a o pr&#xE1;ctica?, por Bert H.J Helmsing y Francisco Uribe-Echeverr&#xED;a - 3. El desarrollo regional y el cambio socio-pol&#xED;tico en Am&#xE9;rica Latina, por Sohel Riffka e Iv&#xE1;n Fern&#xE1;ndez - 4. Estilos de desarrollo y estrategias nacionales de desarrollo regional, por Jos&#xE9; G.M Hilhorst - 5. La planificaci&#xF3;n del cambio social en M&#xE9;xico y la crisis del modelo de desarrollo, por Ricardo Carrillo-Arronte - 6. Las bases te&#xF3;ricas de la planificaci&#xF3;n regional en Am&#xE9;rica Latina(un enfoque cr&#xED;tico) por Jos&#xE9; Luis Coraggio - 7. &#xBF;Hacia otro desarrollo regional?, por Walter B. St&#xF6;hr - 8. La puesta en pr&#xE1;ctica de los planes regionales: &#xBF;ejecuci&#xF3;n deficiente o algo m&#xE1;s? por Alan G. Gilbert - 9. Sistemas de ejecuci&#xF3;n y estrat&#xE9;gias regionales de desarrollo en Colombia, por Jos&#xE9; F. Pineda - 10. Investigaci&#xF3;n  y planificaci&#xF3;n regional, por Jos&#xE9; J. Villamil - 11. Algunas opiniones sobre la investigaci&#xF3;n en el campo del desarrollo y la planificaci&#xF3;n regional, por David Dunhan - 12. La pol&#xED;tica del espacio: planificaci&#xF3;n y desarrollo regional en M&#xE9;xico, por John Friedmann, Nathan Gardels y Adrian Pennink - 13. Tendencia de la urbanizaci&#xF3;n, la inversi&#xF3;n de la polarizaci&#xF3;n y pol&#xED;tica espacial en Colombia, por Johannes F. Linn - 14. Bases, caracter&#xED;sticas y contradicciones de la estrategia de desarrollo regional-urbano en M&#xE9;xico, por Allan Lavell y Luis Unikel - 15. Crecimiento y concentraci&#xF3;n espacial en Am&#xE9;rica Latina: Algunas consecuencias, por Carlos A. de Mattos - 16. La eficiencia econ&#xF3;mica y la desintegraci&#xF3;n de las regiones perif&#xE9;ricas, por Paulo R. Haddad - 17. Conclusiones del seminario sobre estrategias nacionales de desarrollo regional</subfield>
  </datafield>
  <datafield tag="041" ind1=" " ind2=" ">
    <subfield code="a">spa</subfield>
  </datafield>
  <datafield tag="942" ind1=" " ind2=" ">
    <subfield code="c">BK</subfield>
  </datafield>
  <datafield tag="590" ind1=" " ind2=" ">
    <subfield code="a">niveau_biblio:m niveau_hierar:0</subfield>
  </datafield>
  <datafield tag="100" ind1="1" ind2=" ">
    <subfield code="a">Boisier, Sergio</subfield>
  </datafield>
  <datafield tag="999" ind1=" " ind2=" ">
    <subfield code="c">6249</subfield>
    <subfield code="d">6249</subfield>
  </datafield>
  <datafield tag="952" ind1=" " ind2=" ">
    <subfield code="0">0</subfield>
    <subfield code="1">0</subfield>
    <subfield code="4">0</subfield>
    <subfield code="7">0</subfield>
    <subfield code="a">BCEJYS</subfield>
    <subfield code="b">BCEJYS</subfield>
    <subfield code="c">16</subfield>
    <subfield code="d">2026-04-07</subfield>
    <subfield code="l">0</subfield>
    <subfield code="o">332.1 B682</subfield>
    <subfield code="p">L128831</subfield>
    <subfield code="r">2026-04-07 15:58:37</subfield>
    <subfield code="w">2026-04-07</subfield>
    <subfield code="y">L</subfield>
  </datafield>
</record>
